[Event "25. Copenhagen Open  (Politiken Cup)"]
[Site "Copenhagen"]
[Date "2003.07.18"]
[Round "5"]
[White "Beliavsky, Alexander"]
[Black "Rohrmueller, Ulrich"]
[Result "1-0"]
[WhiteElo "2668"]
[BlackElo "2268"]
[PlyCount "85"]
[EventDate "2003.07.14"]
[EventType "swiss"]
[EventRounds "11"]
[EventCountry "DEN"]
[SourceDate "2004.01.01"]

1. d4 d5 2. c4 e6 3. Nc3 Nf6 4. cxd5 exd5 5. Bg5 Be7 6. e3 O-O 7. Qc2 Nbd7 8.
Bd3 Re8 9. Nge2 Nf8 10. O-O c6 11. a3 Nh5 12. Bxe7 Qxe7 13. b4 Be6 14. Na4 Rad8
15. b5 cxb5 16. Bxb5 Bd7 17. Rab1 b6 18. Nac3 Bxb5 19. Nxb5 Ne6 20. Rfc1 Rd7
21. a4 Nf6 22. Nbc3 g6 23. a5 bxa5 24. Qa2 Ng5 25. Qxa5 Nge4 26. Nxe4 Nxe4 27.
Qe1 Rb7 28. Nf4 Nf6 29. Ra1 g5 30. Nd3 Ne4 31. Qd1 Kg7 32. Ra6 Rb6 33. Ra5 Qb7
34. h4 h6 35. Nc5 Qe7 36. Nd3 Qb7 37. Qa4 Re7 38. Qa2 Nf6 39. Qc2 Qb8 40. Ne5
Rb2 41. Qf5 gxh4 42. Ra6 Rb6 43. Rxb6 1-0

[Event "25. Copenhagen Open  (Politiken Cup)"]
[Site "Copenhagen"]
[Date "2003.07.18"]
[Round "5"]
[White "Bering, Anders"]
[Black "Stolberg-Rohr, Thomine"]
[Result "1-0"]
[WhiteElo "2101"]
[BlackElo "1773"]
[PlyCount "55"]
[EventDate "2003.07.14"]
[EventType "swiss"]
[EventRounds "11"]
[EventCountry "DEN"]
[SourceDate "2004.01.01"]

1. e4 g6 2. d4 Bg7 3. Nc3 d6 4. Be3 a6 5. Qd2 b5 6. f3 Nd7 7. Nh3 Bb7 8. Nf2 c5
9. Be2 Rc8 10. O-O Ngf6 11. a4 b4 12. Na2 a5 13. c3 b3 14. Nc1 c4 15. d5 Ba6
16. Nxb3 Rb8 17. Nd4 Qc7 18. Nc6 Rb7 19. Rfb1 Nb8 20. Nxb8 Qxb8 21. Bd4 O-O 22.
f4 Nd7 23. Bxg7 Kxg7 24. b4 axb4 25. cxb4 Rc8 26. Qc3+ Kg8 27. b5 Rb6 28. Rb4
1-0

[Event "25. Copenhagen Open  (Politiken Cup)"]
[Site "Copenhagen"]
[Date "2003.07.18"]
[Round "5"]
[White "Brinck Claussen, Bjorn"]
[Black "Ostergaard, Rasmus"]
[Result "1-0"]
[WhiteElo "2355"]
[BlackElo "2166"]
[PlyCount "73"]
[EventDate "2003.07.14"]
[EventType "swiss"]
[EventRounds "11"]
[EventCountry "DEN"]
[SourceDate "2004.01.01"]

1. e4 e5 2. Nf3 Nc6 3. Bb5 a6 4. Ba4 Nf6 5. O-O Be7 6. Re1 b5 7. Bb3 d6 8. c3
O-O 9. h3 Nd7 10. d4 Bf6 11. a4 Bb7 12. Na3 exd4 13. cxd4 Re8 14. Bf4 Na5 15.
Bc2 b4 16. Nb1 Nf8 17. Nbd2 Ne6 18. Be3 c5 19. e5 dxe5 20. dxe5 Be7 21. Qe2 Qb6
22. Rad1 b3 23. Nxb3 Nxb3 24. Qd3 g6 25. Qxb3 Qc6 26. Bd3 Rad8 27. Bc4 Kg7 28.
a5 Qc7 29. Bxe6 fxe6 30. Ng5 Qc6 31. Nxe6+ Kh8 32. f3 Rd5 33. Qxd5 Qxd5 34.
Rxd5 Bxd5 35. Nc7 Rd8 36. Rd1 Bc4 37. Rc1 1-0

[Event "25. Copenhagen Open  (Politiken Cup)"]
[Site "Copenhagen"]
[Date "2003.07.18"]
[Round "5"]
[White "Bromann, Thorbjorn"]
[Black "Jessen, Simon Pind"]
[Result "1-0"]
[WhiteElo "2360"]
[BlackElo "2085"]
[PlyCount "47"]
[EventDate "2003.07.14"]
[EventType "swiss"]
[EventRounds "11"]
[EventCountry "DEN"]
[SourceDate "2004.01.01"]

1. c4 Nf6 2. Nc3 d5 3. cxd5 Nxd5 4. g3 g6 5. Bg2 c6 6. Qb3 Nb6 7. h4 Na6 8. h5
Nc5 9. Qa3 e5 10. Qa5 Qd6 11. d3 Bf5 12. Be3 Nbd7 13. Rd1 b6 14. Qa3 gxh5 15.
d4 exd4 16. Bxd4 Qg6 17. b4 Rg8 18. bxc5 Nxc5 19. Qc1 Bc2 20. Qe3+ Kd7 21.
Bxc5+ Bxd1 22. Bxf8 Bxe2 23. Qe7+ Kc8 24. Ngxe2 1-0

[Event "25. Copenhagen Open  (Politiken Cup)"]
[Site "Copenhagen"]
[Date "2003.07.18"]
[Round "5"]
[White "Brondum, Eric"]
[Black "Schuetzhold, Frank"]
[Result "1/2-1/2"]
[WhiteElo "2198"]
[BlackElo "2063"]
[PlyCount "44"]
[EventDate "2003.07.14"]
[EventType "swiss"]
[EventRounds "11"]
[EventCountry "DEN"]
[SourceDate "2004.01.01"]

1. d4 Nf6 2. Nf3 e6 3. e3 b6 4. Bd3 Bb7 5. c4 Bb4+ 6. Bd2 a5 7. O-O O-O 8. Nc3
d6 9. Qc2 Nbd7 10. a3 Bxc3 11. Bxc3 Qe7 12. Nd2 h6 13. b4 axb4 14. axb4 c5 15.
Rfb1 Bc6 16. dxc5 dxc5 17. bxc5 bxc5 18. Rxa8 Rxa8 19. Ne4 Nxe4 20. Bxe4 Qd6
21. Bh7+ Kh8 22. Rd1 Qc7 1/2-1/2

[Event "25. Copenhagen Open  (Politiken Cup)"]
[Site "Copenhagen"]
[Date "2003.07.18"]
[Round "5"]
[White "Brondum, Jan Kraul"]
[Black "Lisdorf, Bjorn"]
[Result "0-1"]
[WhiteElo "1569"]
[BlackElo "1398"]
[PlyCount "67"]
[EventDate "2003.07.14"]
[EventType "swiss"]
[EventRounds "11"]
[EventCountry "DEN"]
[SourceDate "2004.01.01"]

1. e4 e5 2. Nf3 Nf6 3. Nc3 Nc6 4. Bc4 Be7 5. d4 exd4 6. Nxd4 O-O 7. O-O Ne5 8.
Bb3 c5 9. Nf3 d6 10. Nxe5 dxe5 11. Qf3 a6 12. Rd1 Qc7 13. Nd5 Nxd5 14. Bxd5 Be6
15. Bxe6 fxe6 16. Qg4 Rf6 17. Rd3 c4 18. Rg3 Bc5 19. Be3 Bxe3 20. Rxe3 Rd8 21.
Rd1 b5 22. Ra3 Rxd1+ 23. Qxd1 Qb6 24. Rf3 Rxf3 25. Qxf3 Qd4 26. c3 Qd2 27. g3
Qxb2 28. Qh5 Qb1+ 29. Kg2 Qxe4+ 30. Kg1 g6 31. Qh3 Qf5 32. Qg2 Qb1+ 33. Qf1
Qxf1+ 34. Kxf1 0-1

[Event "25. Copenhagen Open  (Politiken Cup)"]
[Site "Copenhagen"]
[Date "2003.07.18"]
[Round "5"]
[White "Carstensen, Jacob"]
[Black "Jensen, Sren G"]
[Result "1-0"]
[WhiteElo "2275"]
[BlackElo "2123"]
[PlyCount "59"]
[EventDate "2003.07.14"]
[EventType "swiss"]
[EventRounds "11"]
[EventCountry "DEN"]
[SourceDate "2004.01.01"]

1. d4 Nf6 2. c4 e6 3. Nc3 Bb4 4. e3 b6 5. Nge2 Ne4 6. Bd2 Nxd2 7. Qxd2 O-O 8.
a3 Be7 9. e4 d6 10. f4 f5 11. exf5 exf5 12. g3 Bb7 13. d5 Bf6 14. Nd4 Re8+ 15.
Kf2 Bxd4+ 16. Qxd4 Bc8 17. Bd3 Bd7 18. Rae1 a5 19. Nb5 Na6 20. Qc3 g6 21. Rxe8+
Qxe8 22. Nd4 a4 23. h4 Qf7 24. h5 Qf6 25. hxg6 hxg6 26. Nxf5 Qxc3 27. Ne7+ Kg7
28. bxc3 Nc5 29. Bxg6 Kf6 30. Rh7 1-0

[Event "25. Copenhagen Open  (Politiken Cup)"]
[Site "Copenhagen"]
[Date "2003.07.18"]
[Round "5"]
[White "Christensen, Christian"]
[Black "Hesselberg, Leif"]
[Result "0-1"]
[WhiteElo "2113"]
[BlackElo "1913"]
[PlyCount "150"]
[EventDate "2003.07.14"]
[EventType "swiss"]
[EventRounds "11"]
[EventCountry "DEN"]
[SourceDate "2004.01.01"]

1. Nf3 Nf6 2. c4 e6 3. Nc3 b6 4. e4 d6 5. d4 c5 6. Be2 cxd4 7. Nxd4 a6 8. O-O
Be7 9. f4 Bb7 10. Bf3 Qc7 11. Be3 O-O 12. Rc1 Nbd7 13. Qe2 Rac8 14. b3 g6 15.
f5 exf5 16. exf5 Ne5 17. Bxb7 Qxb7 18. fxg6 hxg6 19. Bg5 Nd5 20. Nxd5 Bxg5 21.
Rcd1 b5 22. Nf3 Nxf3+ 23. Qxf3 Qa7+ 24. Qf2 Qxf2+ 25. Kxf2 bxc4 26. Nb6 Rc5 27.
Nxc4 d5 28. Ne3 Re8 29. Nxd5 Rc2+ 30. Kg3 Ree2 31. Rg1 Rxa2 32. Ra1 Rxg2+ 33.
Rxg2 Rxa1 34. Rc2 a5 35. Rc5 Kg7 36. Rb5 Bd2 37. Nb6 Bb4 38. Nc4 Rb1 39. Nxa5
Bxa5 40. Rxa5 Rxb3+ 41. Kg2 f5 42. Ra6 Kh6 43. h3 Kh5 44. Ra4 Kg5 45. Ra5 Re3
46. Ra8 Kf4 47. Ra4+ Re4 48. Ra2 g5 49. Rf2+ Ke5 50. Ra2 Re3 51. Ra5+ Kf4 52.
Ra4+ Ke5 53. Ra5+ Kf6 54. Ra6+ Re6 55. Ra5 f4 56. Ra8 Kf5 57. Ra5+ Re5 58. Ra8
Re2+ 59. Kf3 Re3+ 60. Kg2 Rd3 61. Re8 Rg3+ 62. Kh2 Re3 63. Rg8 Re2+ 64. Kg1 f3
65. Rg7 Kf4 66. Rg8 Rg2+ 67. Kf1 Rh2 68. Kg1 Rxh3 69. Ra8 Kg3 70. Ra3 g4 71.
Rb3 Rh2 72. Ra3 Re2 73. Kf1 Rb2 74. Ra1 Rh2 75. Ra3 Rh1# 0-1

[Event "25. Copenhagen Open  (Politiken Cup)"]
[Site "Copenhagen"]
[Date "2003.07.18"]
[Round "5"]
[White "Christensen, Henrik"]
[Black "Tidman, Sophie E"]
[Result "0-1"]
[WhiteElo "1802"]
[BlackElo "2126"]
[PlyCount "46"]
[EventDate "2003.07.14"]
[EventType "swiss"]
[EventRounds "11"]
[EventCountry "DEN"]
[SourceDate "2004.01.01"]

1. e4 e6 2. d4 d5 3. Nc3 Bb4 4. e5 c5 5. a3 Bxc3+ 6. bxc3 Ne7 7. Nf3 Qa5 8. Bd2
Nbc6 9. Be2 Bd7 10. Rb1 Qc7 11. O-O O-O-O 12. Ng5 Rdf8 13. Bg4 h6 14. Nh3 f5
15. Be2 g5 16. g3 f4 17. gxf4 gxf4 18. Bxf4 Rhg8+ 19. Kh1 Nf5 20. Qd2 cxd4 21.
cxd4 Ncxd4 22. c4 dxc4 23. Bxc4 Bc6+ 0-1

[Event "25. Copenhagen Open  (Politiken Cup)"]
[Site "Copenhagen"]
[Date "2003.07.18"]
[Round "5"]
[White "Christensen, Tobias"]
[Black "Rorvik, Jon F"]
[Result "1/2-1/2"]
[WhiteElo "2371"]
[BlackElo "2162"]
[PlyCount "89"]
[EventDate "2003.07.14"]
[EventType "swiss"]
[EventRounds "11"]
[EventCountry "DEN"]
[SourceDate "2004.01.01"]

1. e4 e5 2. Nf3 Nc6 3. Nc3 Nf6 4. Bb5 Bb4 5. O-O O-O 6. d3 d6 7. Bg5 Bxc3 8.
bxc3 h6 9. Bc1 Ne7 10. h3 Ng6 11. Re1 c6 12. Bc4 Qc7 13. Bb3 Re8 14. Nh2 Be6
15. Qf3 Qe7 16. Bxe6 Qxe6 17. c4 d5 18. cxd5 cxd5 19. Ng4 dxe4 20. Nxf6+ Qxf6
21. Qxf6 gxf6 22. dxe4 Kg7 23. Be3 Rec8 24. Reb1 b6 25. Rb2 Rc4 26. f3 Rac8 27.
a4 Rxc2 28. Rxc2 Rxc2 29. a5 bxa5 30. Rxa5 Rc3 31. Bxa7 Rc1+ 32. Kh2 Rc2 33.
Kg1 Nh4 34. Bf2 Ng6 35. g3 h5 36. h4 Ne7 37. Rc5 Rxc5 38. Bxc5 Nc6 39. Kf2 Kg6
40. Ke3 f5 41. Kd3 Nd8 42. Bd6 f6 43. Bc5 Nb7 44. Bf8 Nd8 45. Bc5 1/2-1/2

[Event "25. Copenhagen Open  (Politiken Cup)"]
[Site "Copenhagen"]
[Date "2003.07.18"]
[Round "5"]
[White "Christoffersen, Ebbe"]
[Black "Kokholm, Daniel"]
[Result "1/2-1/2"]
[WhiteElo "1737"]
[BlackElo "2115"]
[PlyCount "49"]
[EventDate "2003.07.14"]
[EventType "swiss"]
[EventRounds "11"]
[EventCountry "DEN"]
[SourceDate "2004.01.01"]

1. e4 Nc6 2. Nf3 f5 3. exf5 d5 4. d4 Bxf5 5. Bd3 Qd7 6. c3 Bxd3 7. Qxd3 g6 8.
Bf4 Nf6 9. Nbd2 Nh5 10. Be5 Rg8 11. O-O-O O-O-O 12. Nb3 Bh6+ 13. Kb1 Qf5 14.
Qxf5+ gxf5 15. g3 b6 16. Rde1 Rde8 17. Rhg1 e6 18. Nc1 Nxe5 19. Nxe5 Bxc1 20.
Kxc1 Nf6 21. Re2 Ng4 22. f3 Nxe5 23. Rxe5 h5 24. Kd2 Kd7 25. Ree1 1/2-1/2

[Event "25. Copenhagen Open  (Politiken Cup)"]
[Site "Copenhagen"]
[Date "2003.07.18"]
[Round "5"]
[White "Draeger, Michael"]
[Black "Pedersen, Bent O"]
[Result "0-1"]
[WhiteElo "1702"]
[BlackElo "2058"]
[PlyCount "56"]
[EventDate "2003.07.14"]
[EventType "swiss"]
[EventRounds "11"]
[EventCountry "DEN"]
[SourceDate "2004.01.01"]

1. e4 c5 2. Nf3 Nf6 3. e5 Nd5 4. c4 Nb4 5. d4 cxd4 6. Bd2 N4c6 7. Na3 d6 8.
exd6 Qxd6 9. Nb5 Qd8 10. Qe2 a6 11. Na3 Bf5 12. O-O-O e6 13. Nb1 Be7 14. h3 Nd7
15. g4 Bg6 16. Bg2 b5 17. Rhe1 Rc8 18. Bf4 Nc5 19. Ne5 Nxe5 20. Bxe5 bxc4 21.
Rxd4 Nd3+ 22. Kd1 Qb6 23. Bxg7 Rg8 24. Be5 f6 25. Bxf6 Nxb2+ 26. Qxb2 Qxb2 27.
Bc6+ Kf8 28. Be5 Rxc6 0-1

[Event "25. Copenhagen Open  (Politiken Cup)"]
[Site "Copenhagen"]
[Date "2003.07.18"]
[Round "5"]
[White "Duijker, Bert"]
[Black "Christoffersen, Jan"]
[Result "0-1"]
[WhiteElo "2018"]
[BlackElo "1398"]
[PlyCount "84"]
[EventDate "2003.07.14"]
[EventType "swiss"]
[EventRounds "11"]
[EventCountry "DEN"]
[SourceDate "2004.01.01"]

1. Nf3 d5 2. c4 e6 3. e3 Nf6 4. b3 Nc6 5. Bb2 Bc5 6. Be2 d4 7. exd4 Nxd4 8.
Nxd4 Bxd4 9. Qc2 c5 10. Nc3 a6 11. Bf3 O-O 12. O-O Rb8 13. Rae1 b5 14. cxb5
axb5 15. Ne4 Nxe4 16. Bxe4 f5 17. Bf3 Qf6 18. Bxd4 cxd4 19. Qc7 Ba6 20. Qd6 e5
21. Qxe5 b4 22. Bd5+ Kh8 23. Bc4 Bxc4 24. bxc4 Qa6 25. Qxd4 Qxa2 26. Re7 Rg8
27. h4 b3 28. h5 h6 29. Ra7 Qc2 30. Raa1 Rgd8 31. Qe5 b2 32. Rab1 Qxd2 33. Qxf5
Qc3 34. Qe4 Rd2 35. Qe3 Qc2 36. g4 Rbd8 37. Qb6 Qxc4 38. Rxb2 Qxg4+ 39. Kh1
Qxh5+ 40. Kg2 Qg5+ 41. Kh2 Qe5+ 42. Kg1 Qxb2 0-1

[Event "25. Copenhagen Open  (Politiken Cup)"]
[Site "Copenhagen"]
[Date "2003.07.18"]
[Round "5"]
[White "Edvardsen, Ragnar"]
[Black "Pedersen, Kenneth"]
[Result "0-1"]
[WhiteElo "2092"]
[BlackElo "1728"]
[PlyCount "108"]
[EventDate "2003.07.14"]
[EventType "swiss"]
[EventRounds "11"]
[EventCountry "DEN"]
[SourceDate "2004.01.01"]

1. d4 Nf6 2. Nf3 e6 3. g3 d5 4. Bg2 c5 5. e3 Nc6 6. O-O Bd6 7. b3 O-O 8. Bb2
Re8 9. Ne5 cxd4 10. exd4 Qc7 11. f4 Ne4 12. c4 f5 13. Nd2 b6 14. Rc1 Bxe5 15.
fxe5 Qd7 16. Nf3 Ba6 17. Re1 Rac8 18. Bf1 dxc4 19. Bxc4 Bxc4 20. Rxc4 Ne7 21.
Nd2 Nxd2 22. Qxd2 Nd5 23. Rec1 b5 24. Rxc8 Rxc8 25. Kf2 Rxc1 26. Qxc1 Qc7 27.
Qxc7 Nxc7 28. Ke2 Kf7 29. a4 a6 30. axb5 axb5 31. Bc1 h6 32. h4 Kg6 33. Bd2 Kh5
34. Kf3 Nd5 35. Be1 g5 36. hxg5 hxg5 37. Bd2 Ne7 38. Bb4 Nc6 39. Bc5 Kg6 40.
Ke3 Na5 41. b4 Nc4+ 42. Kf3 g4+ 43. Kf4 Kf7 44. Kg5 Ne3 45. Kf4 Nd5+ 46. Kg5
Ke8 47. Kh5 Kd7 48. Kh4 Kc6 49. Kg5 Nc3 50. Kf4 Kd5 51. Ke3 Kc4 52. Kf4 Ne2+
53. Kg5 Nxg3 54. Kf6 Kd5 0-1

[Event "25. Copenhagen Open  (Politiken Cup)"]
[Site "Copenhagen"]
[Date "2003.07.18"]
[Round "5"]
[White "Eiholt, Bjarne"]
[Black "Hogh, Sidsel T"]
[Result "1/2-1/2"]
[WhiteElo "1690"]
[BlackElo "1438"]
[PlyCount "86"]
[EventDate "2003.07.14"]
[EventType "swiss"]
[EventRounds "11"]
[EventCountry "DEN"]
[SourceDate "2004.01.01"]

1. d4 Nf6 2. c4 g6 3. Nc3 Bg7 4. Bf4 O-O 5. Nf3 d6 6. h3 a5 7. e3 Na6 8. Be2
Qe8 9. O-O Nh5 10. Bh2 Nf6 11. a3 Bd7 12. Rb1 a4 13. b3 axb3 14. Rxb3 b6 15.
Nb5 Qd8 16. Nd2 Re8 17. Bf3 Rb8 18. Na7 Ba4 19. Nc6 Bxb3 20. Nxb3 Qd7 21. Nxb8
Rxb8 22. Qc2 e6 23. c5 bxc5 24. dxc5 d5 25. Be2 Qa4 26. Bxa6 Qxa6 27. Bxc7 Rc8
28. Bb6 Qxa3 29. Ra1 Qb4 30. Nd4 Ne4 31. Rb1 Qa3 32. Qb3 Qxb3 33. Nxb3 Be5 34.
Rc1 Kf8 35. Nd4 Nd2 36. c6 Nc4 37. Bc5+ Ke8 38. Rb1 Bxd4 39. exd4 Kd8 40. Rb7
Rc7 41. Rb8+ Rc8 42. Be7+ Kc7 43. Rxc8+ Kxc8 1/2-1/2

[Event "25. Copenhagen Open  (Politiken Cup)"]
[Site "Copenhagen"]
[Date "2003.07.18"]
[Round "5"]
[White "Fogh, Jens Olaf Svanholm"]
[Black "Nielsen, Thomas"]
[Result "0-1"]
[WhiteElo "1568"]
[BlackElo "2028"]
[PlyCount "154"]
[EventDate "2003.07.14"]
[EventType "swiss"]
[EventRounds "11"]
[EventCountry "DEN"]
[SourceDate "2004.01.01"]

1. d4 d5 2. Nf3 c5 3. e3 e6 4. b3 Nc6 5. Bb2 Nf6 6. Nbd2 Be7 7. a3 O-O 8. Bd3
Re8 9. O-O Qc7 10. Re1 e5 11. Nxe5 Nxe5 12. dxe5 Ng4 13. f4 Bh4 14. Rf1 Qb6 15.
Qf3 c4 16. Bd4 Qh6 17. h3 cxd3 18. hxg4 Bd8 19. cxd3 Qa6 20. Qe2 Bd7 21. e4 Bb5
22. Rf3 Bd7 23. Rh3 dxe4 24. Qxe4 g6 25. f5 Bc6 26. Qe3 Bb6 27. Bxb6 Qxb6 28.
d4 Rad8 29. fxg6 fxg6 30. Nf3 Bxf3 31. gxf3 Qxd4 32. Re1 Rxe5 33. Qxd4 Rxe1+
34. Kf2 Rxd4 35. Kxe1 Rd3 36. Rh2 Rxb3 37. Rc2 Rxf3 38. g5 b6 39. Rc8+ Kg7 40.
Rc7+ Rf7 41. Rc3 h6 42. gxh6+ Kxh6 43. Rh3+ Kg5 44. Rg3+ Kh5 45. Rg1 Rf3 46.
Ke2 Rxa3 47. Rh1+ Kg5 48. Rh7 Kg4 49. Kf2 g5 50. Kf1 Ra2 51. Kg1 Kg3 52. Kf1 g4
53. Ke1 Kg2 54. Rh6 g3 55. Rh7 Ra4 56. Ke2 a5 57. Rb7 Rb4 58. Ra7 Rf4 59. Rc7
Rf2+ 60. Ke1 Rf5 61. Rc6 b5 62. Rc2+ Kh1 63. Rc7 Rh5 64. Ke2 g2 65. Rc1+ g1=Q
66. Rxg1+ Kxg1 67. Kd3 Rc5 68. Kd4 Rc8 69. Kd5 b4 70. Kd6 b3 71. Kd7 Rc2 72.
Kd6 b2 73. Kd5 b1=Q 74. Ke5 Rc4 75. Kd5 Qb5+ 76. Kd6 Rc6+ 77. Kd7 Qb7+ 0-1

[Event "25. Copenhagen Open  (Politiken Cup)"]
[Site "Copenhagen"]
[Date "2003.07.18"]
[Round "5"]
[White "Frank Nielsen, Marie"]
[Black "Nordfjord, Sverrir"]
[Result "0-1"]
[WhiteElo "1629"]
[BlackElo "2057"]
[PlyCount "46"]
[EventDate "2003.07.14"]
[EventType "swiss"]
[EventRounds "11"]
[EventCountry "DEN"]
[SourceDate "2004.01.01"]

1. e4 e5 2. d4 exd4 3. Nf3 Nc6 4. Bc4 Nf6 5. O-O Bc5 6. Bg5 h6 7. Bh4 d6 8. h3
g5 9. Bg3 g4 10. hxg4 Bxg4 11. Re1 Ne5 12. Bxe5 dxe5 13. Qd3 Qe7 14. Qb3 O-O-O
15. Na3 Rhg8 16. Nb5 Nh5 17. Bd5 c6 18. Bxf7 Rg7 19. Bxh5 Bxh5 20. Na3 d3 21.
Nh4 Bxf2+ 22. Kxf2 Qxh4+ 23. Kg1 Qg4 0-1

[Event "25. Copenhagen Open  (Politiken Cup)"]
[Site "Copenhagen"]
[Date "2003.07.18"]
[Round "5"]
[White "Glud, Jakob Vang"]
[Black "Hector, Jonny"]
[Result "0-1"]
[WhiteElo "2173"]
[BlackElo "2538"]
[PlyCount "86"]
[EventDate "2003.07.14"]
[EventType "swiss"]
[EventRounds "11"]
[EventCountry "DEN"]
[SourceDate "2004.01.01"]

1. e4 e5 2. Nf3 Nc6 3. Bb5 Bc5 4. O-O d6 5. c3 Bb6 6. Re1 Nge7 7. d4 O-O 8. h3
Bd7 9. Na3 exd4 10. cxd4 d5 11. e5 Bf5 12. Be3 h6 13. Bd3 Be4 14. Nc2 Nf5 15.
g4 Nxe3 16. fxe3 f6 17. exf6 Qxf6 18. Bxe4 dxe4 19. Nh2 Qf2+ 20. Kh1 Qg3 21.
Rf1 Ne7 22. Qe2 Qxh3 23. Qc4+ Kh7 24. Qe6 Ng6 25. Qxe4 c6 26. Qg2 Qh4 27. Kg1
Qe7 28. Nf3 Rf7 29. Rf2 Raf8 30. Raf1 Qe6 31. Qh3 Kg8 32. Qh5 Bd8 33. b3 Qe4
34. Nfe1 Rxf2 35. Rxf2 Rxf2 36. Kxf2 Nh4 37. Qc5 Qxg4 38. Qxa7 Bc7 39. Qxb7
Bg3+ 40. Kf1 Nf3 41. Qxc6 Nd2+ 42. Kg1 Bxe1+ 43. Qg2 Qd1 0-1

[Event "25. Copenhagen Open  (Politiken Cup)"]
[Site "Copenhagen"]
[Date "2003.07.18"]
[Round "5"]
[White "Greger, Roland Reinhard"]
[Black "Roder, Peter"]
[Result "1-0"]
[WhiteElo "2342"]
[BlackElo "2170"]
[PlyCount "81"]
[EventDate "2003.07.14"]
[EventType "swiss"]
[EventRounds "11"]
[EventCountry "DEN"]
[SourceDate "2004.01.01"]

1. e4 c5 2. Nf3 d6 3. d4 cxd4 4. Nxd4 Nf6 5. Nc3 g6 6. Be3 Bg7 7. f3 O-O 8. Qd2
Nc6 9. O-O-O d5 10. Qe1 e6 11. h4 Qc7 12. exd5 Nxd5 13. Nxd5 exd5 14. Qd2 Re8
15. c3 Bd7 16. Kb1 Nxd4 17. Bxd4 Bf5+ 18. Kc1 Rad8 19. Bxg7 Kxg7 20. g4 Bc8 21.
Kb1 Qe5 22. Bb5 Re6 23. Rhe1 Qf6 24. h5 d4 25. h6+ Kg8 26. cxd4 Rxe1 27. Rxe1
Qxf3 28. Qg5 f6 29. Bc4+ Kh8 30. Qa5 b6 31. Qxa7 Qb7 32. Qxb7 Bxb7 33. Re6 Rf8
34. Rxb6 Be4+ 35. Kc1 f5 36. gxf5 g5 37. f6 g4 38. f7 g3 39. Rb3 Rc8 40. Kd2
Bg6 41. f8=Q+ 1-0

[Event "25. Copenhagen Open  (Politiken Cup)"]
[Site "Copenhagen"]
[Date "2003.07.18"]
[Round "5"]
[White "Gregusson, Magnus Albert"]
[Black "Brasoy, Aksel"]
[Result "1-0"]
[WhiteElo "1500"]
[BlackElo "1794"]
[PlyCount "101"]
[EventDate "2003.07.14"]
[EventType "swiss"]
[EventRounds "11"]
[EventCountry "DEN"]
[SourceDate "2004.01.01"]

1. g3 e5 2. d3 d5 3. Bg2 Nf6 4. Nd2 Nc6 5. c4 d4 6. a3 a5 7. Nh3 Be7 8. O-O O-O
9. f4 Ng4 10. Nf3 Ra6 11. fxe5 Ncxe5 12. Nxe5 Nxe5 13. Nf2 h5 14. h3 Rg6 15.
Bf4 Bd6 16. Ne4 f5 17. Nxd6 cxd6 18. c5 Nf7 19. cxd6 Nxd6 20. Qb3+ Be6 21. Qa4
Qb6 22. b4 Rd8 23. Qxa5 Qxa5 24. bxa5 Bf7 25. Rab1 Ra8 26. Rb6 Ra6 27. Rfb1 Kh7
28. Rxd6 Rgxd6 29. Bxd6 Rxd6 30. Rxb7 Bd5 31. Rb6 Rd7 32. a6 Bxg2 33. Kxg2 Rd5
34. a4 Ra5 35. Rb4 Rxa6 36. Rxd4 g5 37. h4 gxh4 38. gxh4 Kg6 39. Kg3 Kf6 40.
Kf4 Kg6 41. Rb4 Kf6 42. e3 Kg6 43. d4 Ra5 44. Rb6+ Kg7 45. Kg5 Rxa4 46. Rb7+
Kf8 47. Kxf5 Ra3 48. Kf4 Ra1 49. Rh7 Ra5 50. e4 Kg8 51. Rd7 1-0

[Event "25. Copenhagen Open  (Politiken Cup)"]
[Site "Copenhagen"]
[Date "2003.07.18"]
[Round "5"]
[White "Grove, Peter"]
[Black "Egeland, Marte"]
[Result "0-1"]
[WhiteElo "1577"]
[BlackElo "1990"]
[PlyCount "100"]
[EventDate "2003.07.14"]
[EventType "swiss"]
[EventRounds "11"]
[EventCountry "DEN"]
[SourceDate "2004.01.01"]

1. e4 d5 2. exd5 Nf6 3. Bc4 Nxd5 4. Nc3 Nb6 5. Bb3 Bf5 6. d3 e6 7. Bf4 Bd6 8.
Bg3 N8d7 9. Nge2 O-O 10. Qd2 Nc5 11. O-O a6 12. Rfe1 Qd7 13. Bxd6 cxd6 14. Nd4
Bg6 15. Qe3 Nxb3 16. axb3 Qc7 17. h4 Nd7 18. Qg3 Nf6 19. Nde2 Rac8 20. Nf4 Nh5
21. Nxh5 Bxh5 22. Qg5 Qc5 23. Qxc5 Rxc5 24. Ra4 Bg6 25. Rb4 Rc7 26. Re2 Rfc8
27. Rc4 Kf8 28. Rf4 Re7 29. f3 h5 30. Nd1 b5 31. Nf2 Rb8 32. Rd4 d5 33. Nh3 f6
34. Nf4 Bf7 35. Kf2 e5 36. Nxd5 Rd7 37. Nb4 exd4 38. Nxa6 Rb6 39. Nc5 Re7 40.
Rd2 b4 41. Rd1 Rc6 42. Ne4 Rxc2+ 43. Kg3 Bxb3 44. Ra1 Bd5 45. Nd6 Ree2 46. Ra5
Rxg2+ 47. Kf4 g5+ 48. hxg5 fxg5+ 49. Kf5 Bxf3 50. Kg6 Rc6 0-1

[Event "25. Copenhagen Open  (Politiken Cup)"]
[Site "Copenhagen"]
[Date "2003.07.18"]
[Round "5"]
[White "Grubert, Christian"]
[Black "Adamski, Jan"]
[Result "1/2-1/2"]
[WhiteElo "2168"]
[BlackElo "2335"]
[PlyCount "45"]
[EventDate "2003.07.14"]
[EventType "swiss"]
[EventRounds "11"]
[EventCountry "DEN"]
[SourceDate "2004.01.01"]

1. e4 c5 2. Nc3 e6 3. f4 d5 4. Nf3 dxe4 5. Nxe4 Nd7 6. g3 b6 7. Bg2 Bb7 8. Qe2
Ngf6 9. d3 Be7 10. O-O O-O 11. b3 Qc7 12. Bb2 c4 13. Nxf6+ Bxf6 14. Bxf6 cxd3
15. Qxd3 Nxf6 16. c4 Rad8 17. Qe2 Ne4 18. Qe3 Rd6 19. Rad1 Rfd8 20. Rxd6 Rxd6
21. Ne5 Nf6 22. Bf3 Nd7 23. Bxb7 1/2-1/2

[Event "25. Copenhagen Open  (Politiken Cup)"]
[Site "Copenhagen"]
[Date "2003.07.18"]
[Round "5"]
[White "Hagesaether, Arne"]
[Black "Hartvig, Ove Weiss"]
[Result "0-1"]
[WhiteElo "2088"]
[BlackElo "2295"]
[PlyCount "74"]
[EventDate "2003.07.14"]
[EventType "swiss"]
[EventRounds "11"]
[EventCountry "DEN"]
[SourceDate "2004.01.01"]

1. e4 c5 2. Nf3 d6 3. d4 cxd4 4. Nxd4 Nf6 5. Nc3 g6 6. Be3 Bg7 7. f3 O-O 8. Qd2
Nc6 9. O-O-O d5 10. Nxc6 bxc6 11. Bh6 Qa5 12. Bxg7 Kxg7 13. e5 Nd7 14. h4 h6
15. h5 g5 16. f4 g4 17. Qe2 Nc5 18. Rh4 Qb4 19. Qe3 Rb8 20. b3 Qa3+ 21. Kd2 Bf5
22. Ke1 Qa5 23. Rd4 Rb4 24. Kd1 Rfb8 25. Ne2 Qxa2 26. Qc1 Ne4 27. Rxe4 dxe4 28.
Ng3 Rd4+ 29. Ke1 e6 30. Be2 Qa5+ 31. Kf1 Qc3 32. Nxf5+ exf5 33. Bxg4 Qg3 34.
Rh3 Qxg4 35. Qe3 Rd1+ 36. Kf2 Rbd8 37. Rg3 R8d2+ 0-1

[Event "25. Copenhagen Open  (Politiken Cup)"]
[Site "Copenhagen"]
[Date "2003.07.18"]
[Round "5"]
[White "Hagesaether, Torill"]
[Black "Bekker Jensen, Dorte"]
[Result "1-0"]
[WhiteElo "2051"]
[BlackElo "1593"]
[PlyCount "41"]
[EventDate "2003.07.14"]
[EventType "swiss"]
[EventRounds "11"]
[EventCountry "DEN"]
[SourceDate "2004.01.01"]

1. e4 c5 2. c3 Nc6 3. Nf3 Nf6 4. e5 Nd5 5. d4 cxd4 6. Bc4 Nb6 7. Bb3 dxc3 8.
Nxc3 a6 9. O-O Na5 10. Bc2 d5 11. Ng5 Nbc4 12. Qxd5 Nxe5 13. Qxe5 f6 14. Qd5
fxg5 15. Bxg5 Qc7 16. Rad1 Bg4 17. f3 Bh5 18. Bf4 Qb6+ 19. Kh1 Bg6 20. Ba4+ Nc6
21. Qd7+ 1-0